| 000 | 00622nam a2200241 a 4500 | ||
|---|---|---|---|
| 001 | nice12345678 | ||
| 003 | IN_TiNIC | ||
| 005 | 20260116014610.0 | ||
| 008 | 050524s1966 lona grp 000 0 eng | ||
| 020 |
_a0801857 _c915.4 |
||
| 082 | 0 | 0 |
_a340.59 _bKHA9 |
| 100 | _aKhadduri, Majid | ||
| 245 | _aIslamic Law of Nations | ||
| 260 |
_aLondon _bJohns Hopkins Uni. Press _c1966 |
||
| 300 | _a311p | ||
| 500 | _aincludes index and biblioraphy | ||
| 505 | 2 | _aGlossary, Selected Bibliography, Index | |
| 650 | _aIslamic-Law | ||
| 700 | 1 | _aKhadduri, Majid | |
| 902 | _bSRS | ||
| 942 | _cBK | ||
| 999 |
_c16156 _d16156 |
||